FC Barcelona Squad 2012-2013 - Statistics

General Stats
  • This quiz has been taken 196 times
  • The average score is 17 of 24
Answer Stats
# Position Nation Player % Correct
10 FW Argentina Lionel Messi
100%
8 MF Spain Andrés Iniesta
98%
6 MF Spain Xavi Hernández
98%
3 DF Spain Gerard Piqué
94%
1 GK Spain Víctor Valdés
92%
5 DF Spain Carles Puyol
91%
9 FW Chile Alexis Sánchez
90%
2 DF Brazil Dani Alves
88%
7 FW Spain David Villa
86%
17 FW Spain Pedro Rodríguez
85%
16 MF Spain Sergio Busquets
84%
14 MF Argentina Javier Mascherano
83%
18 DF Spain Jordi Alba
75%
22 DF France Éric Abidal
74%
4 MF Spain Cesc Fàbregas
72%
13 GK Spain José Manuel Pinto
65%
25 MF Cameroon Alex Song
60%
21 DF Brazil Adriano Correia
59%
12 MF Mexico Jonathan dos Santos
57%
- Coach Spain Tito Vilanova
50%
15 DF Spain Marc Bartra
48%
11 MF Spain Thiago Alcántara
46%
19 DF Spain Martín Montoya
38%
- Coach Spain Jordi Roura
14%
No matching quizzes found
Score Distribution
Percent of People with Each Score
Percentile by Number Answered
Your Score History
You have not taken this quiz